<?xml version="1.0" encoding="UTF-8"?>
<marc:record xmlns:marc="http://www.loc.gov/MARC21/slim">
   <marc:leader>00000nam a2200000 a 4500</marc:leader>
   <marc:datafield ind1="1" ind2=" " tag="100">
      <marc:subfield code="a">Engels, Therese</marc:subfield>
      <marc:subfield code="4">aut</marc:subfield>
      <marc:subfield code="e">Verfasser/-in</marc:subfield>
   </marc:datafield>
   <marc:datafield ind1="1" ind2=" " tag="100">
      <marc:subfield code="a">Strohmann, Michael</marc:subfield>
      <marc:subfield code="4">aut</marc:subfield>
      <marc:subfield code="e">Verfasser/-in</marc:subfield>
   </marc:datafield>
   <marc:datafield ind1="1" ind2=" " tag="100">
      <marc:subfield code="a">Wegmann, Markus</marc:subfield>
      <marc:subfield code="4">aut</marc:subfield>
      <marc:subfield code="e">Verfasser/-in</marc:subfield>
   </marc:datafield>
   <marc:datafield ind1="1" ind2=" " tag="100">
      <marc:subfield code="a">Vogel, Vivien</marc:subfield>
   </marc:datafield>
   <marc:datafield ind1="1" ind2=" " tag="100">
      <marc:subfield code="a">Atkine, Féodor</marc:subfield>
   </marc:datafield>
   <marc:datafield ind1="1" ind2=" " tag="100">
      <marc:subfield code="a">Tirmont, Frédérique</marc:subfield>
   </marc:datafield>
   <marc:datafield ind1="1" ind2=" " tag="100">
      <marc:subfield code="a">Arnold, Frank</marc:subfield>
   </marc:datafield>
   <marc:datafield ind1="1" ind2=" " tag="100">
      <marc:subfield code="a">Liss, Michael</marc:subfield>
   </marc:datafield>
   <marc:datafield ind1="0" ind2="0" tag="245">
      <marc:subfield code="a">Harris Tweed - Rückkehr einer Legende</marc:subfield>
   </marc:datafield>
   <marc:datafield ind1="0" ind2="0" tag="245">
      <marc:subfield code="c">Montage: Michael Liss; Produktion: Kerstin Walz, Susann Levenig; Stimme: Frank Arnold, Frédérique Tirmont, Féodor Atkine; Regie: Therese Engels; Drehbuch: Therese Engels; Kamera: René Dame; Musik: Michael Strohmann, Markus Wegmann; Sound Design: Vivien Vo</marc:subfield>
   </marc:datafield>
   <marc:datafield ind1=" " ind2="1" tag="264">
      <marc:subfield code="a">Potsdam</marc:subfield>
      <marc:subfield code="b">filmwerte GmbH</marc:subfield>
      <marc:subfield code="c">2023</marc:subfield>
   </marc:datafield>
   <marc:datafield ind1="1" ind2=" " tag="520">
      <marc:subfield code="a">Auf den Hebriden, vor der Nordwestküste Schottlands, weht meist ein frischer Wind. Das Wetter ist rau, die Landschaft schroff. Die Menschen sind widerstandsfähig, auch dank ihrer besonderen Kleidung. Inspiriert von den Farben der Landschaft ist Harris Tweed der Aristokrat unter den Tweeds, seit Jahrhunderten auf den Inseln gewebt. Heute erlebt der Stoff ein Comeback, auch dank neuer Kunden wie Nike oder Chanel. Mit Harris Tweed zelebriert man heute einen Lebensstil. 218 Frauen und Männer weben wieder Tweed &#x96; ausschließlich in Heimarbeit. Denn das ist die Bedingung für den Erhalt einer Lizenz. 360° GEO Reportage hat die Insel und ihre Weber besucht.</marc:subfield>
   </marc:datafield>
   <marc:datafield ind1=" " ind2=" " tag="300">
      <marc:subfield code="a">1 Online-Ressource (52 min), Bild: 16:9 HD</marc:subfield>
   </marc:datafield>
</marc:record>
